<?xml version="1.0" encoding="UTF-8"?>
<collection xmlns="http://www.loc.gov/MARC21/slim">
 <record>
  <leader>00861nmm a2200205 a 4500</leader>
  <controlfield tag="001">1/21639</controlfield>
  <controlfield tag="008">070717suuuu    enk        ma       eng d</controlfield>
  <datafield tag="020" ind1=" " ind2=" ">
   <subfield code="a">1843261162</subfield>
  </datafield>
  <datafield tag="035" ind1=" " ind2=" ">
   <subfield code="l">22322</subfield>
  </datafield>
  <datafield tag="082" ind1="0" ind2="0">
   <subfield code="a">CD-ROM 423.1 NEW</subfield>
  </datafield>
  <datafield tag="245" ind1="0" ind2="0">
   <subfield code="a">New Oxford thesaurus of English on cd-rom :</subfield>
   <subfield code="h">[computer file] :</subfield>
   <subfield code="b">version 2.1</subfield>
  </datafield>
  <datafield tag="260" ind1=" " ind2=" ">
   <subfield code="a">Rugeley :</subfield>
   <subfield code="b">Focus,</subfield>
   <subfield code="c">[200;].</subfield>
  </datafield>
  <datafield tag="300" ind1=" " ind2=" ">
   <subfield code="a">1 computer optical disk :</subfield>
   <subfield code="b">col.;</subfield>
   <subfield code="c">4 3/4 in.</subfield>
  </datafield>
  <datafield tag="490" ind1="1" ind2=" ">
   <subfield code="a">Knowledge (Focus Multimedia Limited) ;</subfield>
  </datafield>
  <datafield tag="538" ind1=" " ind2=" ">
   <subfield code="a">Ελάχιστες απαιτήσεις συστήματος : Windows 98/Me/2000/XP.</subfield>
  </datafield>
  <datafield tag="650" ind1=" " ind2="4">
   <subfield code="a">English language</subfield>
   <subfield code="x">Study and teaching</subfield>
   <subfield code="x">CD-ROMs.</subfield>
  </datafield>
  <datafield tag="650" ind1=" " ind2="4">
   <subfield code="a">CD-ROMs.</subfield>
  </datafield>
  <datafield tag="650" ind1=" " ind2="4">
   <subfield code="a">English language</subfield>
   <subfield code="x">Synonyms and antonyms</subfield>
   <subfield code="x">Dictionaries</subfield>
   <subfield code="x">CD-ROMs.</subfield>
  </datafield>
  <datafield tag="830" ind1=" " ind2=" ">
   <subfield code="a">Knowledge (Focus Multimedia Limited)</subfield>
  </datafield>
  <datafield tag="852" ind1=" " ind2=" ">
   <subfield code="a">INST</subfield>
   <subfield code="b">UNIPILB</subfield>
   <subfield code="c">MMEDIA</subfield>
   <subfield code="e">20070731</subfield>
   <subfield code="h">CD-ROM 423.1 NEW</subfield>
   <subfield code="p">00153181</subfield>
   <subfield code="q">00153181</subfield>
   <subfield code="t">NOLOAN</subfield>
   <subfield code="y">23</subfield>
   <subfield code="4">1</subfield>
  </datafield>
 </record>
</collection>
